000 00519nam a22001817a 4500
003 AR-RoIUNI
005 20260309110818.0
007 ta
008 170929s1981 ag a|||fr|||| 001 0 spa d
040 _aAR-RoIUNI
_cIUNIR
080 _a141.3 BUS
100 1 _aBustamante Zuleta, Ernesto
245 1 3 _aEl dolor :
_bsus causas, variedades y modos de combatirlo. /
_cErnesto Bustamante Zuleta
260 _aBuenos AIres :
_bEl ateneo ,
_cc1981
300 _a211 p. ;
_c23 cm.
650 1 0 _aEnfermería
_986
942 _2cdu
_cBK
999 _c3690
_d3690